| 000 | 00730 a2200193 4500 | ||
|---|---|---|---|
| 010 | _aENG-85664 | ||
| 020 | _c120.00 | ||
| 035 | _aEN-69197 | ||
| 037 | _bD.B.Act / Pub | ||
| 082 | 1 | 4 | _a338.04 |
| 090 |
_c3375 _d3375 |
||
| 100 | 1 | _aMurthy, C. S. V. | |
| 245 | 1 |
_aBBM entrepreneurship development _bfor fifth semester, BBM Banglore Universty _cby C. V. S. Murthy |
|
| 260 |
_aMumbai _bHimalaya Publishing House _c2006 |
||
| 270 |
_a"Ramdoot", Dr. Bhalerao Marg, Girgaon _bMumbai _e400 004 _k022-23860170, 022-23863863 _l022-23877178 _mhimpub@vsnl.net.in |
||
| 300 |
_avarious pagings _c24 cm ( Pbk.) |
||
| 942 |
_adpl _cEN _k338.04 / MUR |
||
| 999 |
_c3308 _d3308 |
||